Թեհրան : (Record no. 7703)
[ view plain ]
| 000 -LEADER | |
|---|---|
| fixed length control field | 00627nam a2200205 a 4500 |
| 001 - CONTROL NUMBER | |
| control field | 000021183 |
| 003 - CONTROL NUMBER IDENTIFIER | |
| control field | AM-YeHGA |
| 005 - DATE AND TIME OF LATEST TRANSACTION | |
| control field | 20250904133558.0 |
| 008 - FIXED-LENGTH DATA ELEMENTS--GENERAL INFORMATION | |
| fixed length control field | 971119s1953 ai |||||||||||||||||arm d |
| 040 ## - CATALOGING SOURCE | |
| Original cataloging agency | AM-YeHGA |
| 041 0# - LANGUAGE CODE | |
| Language code of text/sound track or separate title | arm |
| 100 1# - MAIN ENTRY--PERSONAL NAME | |
| Personal name | Սևունց, Գարեգին, |
| Dates associated with a name | 1911-1969 |
| 245 10 - TITLE STATEMENT | |
| Title | Թեհրան : |
| Remainder of title | Վեպ : [2 հատորով] / |
| Statement of responsibility, etc. | Գ. Սևունց. |
| 250 ## - EDITION STATEMENT | |
| Edition statement | 2-րդ հրատ. |
| 260 ## - PUBLICATION, DISTRIBUTION, ETC. | |
| Place of publication, distribution, etc. | Երևան : |
| Name of publisher, distributor, etc. | Հայպետհրատ, |
| Date of publication, distribution, etc. | 1953. |
| 300 ## - PHYSICAL DESCRIPTION | |
| Extent | գիրք ; |
| Dimensions | 22 սմ. |
| 505 00 - FORMATTED CONTENTS NOTE | |
| Miscellaneous information | Գ. 1 (1953, 524 էջ) |
| -- | Գ. 2 (1953, 598 էջ) |
| 650 14 - SUBJECT ADDED ENTRY--TOPICAL TERM | |
| Topical term or geographic name entry element | Հայ գրականություն |
| 942 ## - ADDED ENTRY ELEMENTS (KOHA) | |
| Source of classification or shelving scheme | Universal Decimal Classification |
| Koha item type | Գրքեր / Books |
| Withdrawn status | Lost status | Source of classification or shelving scheme | Damaged status | Not for loan | Collection | Home library | Current library | Date acquired | Serial enumeration / chronology | Total checkouts | Full call number | Barcode | Date last seen | Price effective from | Koha item type | Public note |
|---|---|---|---|---|---|---|---|---|---|---|---|---|---|---|---|---|
| Universal Decimal Classification | General | Fundamental Scientific Library | Fundamental Scientific Library | 21/12/2016 | Գ. 1 | AII/29528 | 220029528 | 21/12/2016 | 21/12/2016 | Գրքեր / Books | 30 Days Loan | |||||
| Universal Decimal Classification | General | Fundamental Scientific Library | Fundamental Scientific Library | 21/12/2016 | Գ. 1 | AII/29529 | 220029529 | 21/12/2016 | 21/12/2016 | Գրքեր / Books | 30 Days Loan | |||||
| Universal Decimal Classification | General | Fundamental Scientific Library | Fundamental Scientific Library | 21/12/2016 | Գ. 1 | AII/29530 | 220029530 | 21/12/2016 | 21/12/2016 | Գրքեր / Books | 30 Days Loan | |||||
| Universal Decimal Classification | General | Fundamental Scientific Library | Fundamental Scientific Library | 21/12/2016 | Գ. 2 | AII/29531 | 220029531 | 21/12/2016 | 21/12/2016 | Գրքեր / Books | 30 Days Loan | |||||
| Universal Decimal Classification | General | Fundamental Scientific Library | Fundamental Scientific Library | 21/12/2016 | Գ. 2 | AII/29532 | 220029532 | 21/12/2016 | 21/12/2016 | Գրքեր / Books | 30 Days Loan | |||||
| Universal Decimal Classification | General | Fundamental Scientific Library | Fundamental Scientific Library | 21/12/2016 | Գ. 2 | AII/29533 | 220029533 | 21/12/2016 | 21/12/2016 | Գրքեր / Books | 30 Days Loan | |||||
| Universal Decimal Classification | General | Fundamental Scientific Library | Fundamental Scientific Library | 21/12/2016 | Գ. 2 | AII/29534 | 220029534 | 21/12/2016 | 21/12/2016 | Գրքեր / Books | 30 Days Loan | |||||
| Universal Decimal Classification | General | Fundamental Scientific Library | Fundamental Scientific Library | 23/05/2025 | Գ. 1 | AII/112998 | FL0688693 | 23/05/2025 | 27/03/2025 | Գրքեր / Books | 30 Days Loan | |||||
| Universal Decimal Classification | Kusikian Individual Collection | Fundamental Scientific Library | Fundamental Scientific Library | 23/05/2025 | Գ. 1 | Կուս/2706 | FL0638916 | 23/05/2025 | 27/04/2021 | Գրքեր / Books | ILL Non-Circ. |
ՀՀ Գիտությունների ազգային ակադեմիայի հիմնարար գիտական գրադարան = Fundamental Scientific Library of NAS RA
All site content, except where otherwise noted, is licensed under a